[Event "Titled Tuesday intern op 29th Nov Late"]
[Site "Chess.com INT"]
[Date "2022.11.29"]
[Round "1"]
[White "Abrahamyan, Tatev"]
[Black "Gerbelli Neto, Eduardo"]
[Result "1-0"]
[WhiteElo "2312"]
[BlackElo "2114"]
[PlyCount "43"]
[EventDate "2022.11.29"]
[EventType "swiss (blitz)"]
[EventRounds "11"]
[EventCountry "USA"]
[SourceTitle "EXT 2024"]
[Source "ChessBase"]
[SourceDate "2023.10.10"]
[SourceVersion "1"]
[SourceVersionDate "2023.10.10"]
[SourceQuality "1"]

1. e4 e5 2. Nf3 Nc6 3. Bc4 Nf6 4. Ng5 d5 5. exd5 Nd4 6. c3 b5 7. Bf1 Nxd5 8. cxd4 Qxg5 9. Bxb5+ Kd8 10. Qf3 Bb7 11. 0-0 exd4 12. d3 Qg6 13. Nd2 Rb8 14. Ne4 Nf6 15. Ba4 Nxe4 16. dxe4 Qxe4 17. Bg5+ f6 18. Bxf6+ gxf6 19. Qxf6+ Kc8 20. f3 Qe3+ 21. Kh1 Rg8 22. Qf5+ 1-0

[Event "Titled Tuesday intern op 29th Nov Late"]
[Site "Chess.com INT"]
[Date "2022.11.29"]
[Round "4"]
[White "Abrahamyan, Tatev"]
[Black "Quesada Perez, Yuniesky"]
[Result "0-1"]
[WhiteElo "2312"]
[BlackElo "2583"]
[PlyCount "52"]
[EventDate "2022.11.29"]
[EventType "swiss (blitz)"]
[EventRounds "11"]
[EventCountry "USA"]
[SourceTitle "EXT 2024"]
[Source "ChessBase"]
[SourceDate "2023.10.10"]
[SourceVersion "1"]
[SourceVersionDate "2023.10.10"]
[SourceQuality "1"]

1. e4 d5 2. exd5 Qxd5 3. Nc3 Qa5 4. d4 Nf6 5. Nf3 Bf5 6. Bc4 e6 7. Bd2 Bb4 8. a3 Bxc3 9. Bxc3 Qb6 10. Qe2 0-0 11. Ne5 Nc6 12. 0-0-0 Nd5 13. Bxd5 exd5 14. g4 Be6 15. f4 f6 16. Nc4 Bxg4 17. Qxg4 dxc4 18. Rhg1 Rf7 19. d5 Ne7 20. d6 Ng6 21. d7 Rd8 22. Rge1 Qc6 23. f5 Nf8 24. Re6 Rfxd7 25. Rg1 Qc5 26. Rxf6 Qe3+ 0-1

[Event "Titled Tuesday intern op 29th Nov Late"]
[Site "Chess.com INT"]
[Date "2022.11.29"]
[Round "8"]
[White "Chernomordik, Pavel"]
[Black "Abrahamyan, Tatev"]
[Result "0-1"]
[WhiteElo "2198"]
[BlackElo "2312"]
[PlyCount "146"]
[EventDate "2022.11.29"]
[EventType "swiss (blitz)"]
[EventRounds "11"]
[EventCountry "USA"]
[SourceTitle "EXT 2024"]
[Source "ChessBase"]
[SourceDate "2023.10.10"]
[SourceVersion "1"]
[SourceVersionDate "2023.10.10"]
[SourceQuality "1"]

1. e4 e6 2. Nc3 d5 3. d4 Bb4 4. Nge2 Nf6 5. Bg5 dxe4 6. a3 Be7 7. Bxf6 Bxf6 8. Nxe4 b6 9. c3 Bb7 10. N2g3 Be7 11. Bb5+ c6 12. Bd3 0-0 13. 0-0 Nd7 14. Qe2 c5 15. dxc5 Nxc5 16. Nxc5 Bxc5 17. Rad1 Qc7 18. Ne4 Be7 19. Qh5 g6 20. Qh6 Rfd8 21. Ng5 Bxg5 22. Qxg5 Rd5 23. Qg3 Qe7 24. h4 Rad8 25. Be2 Qc5 26. Rxd5 Bxd5 27. Rd1 Qe7 28. h5 Kg7 29. Qe5+ f6 30. Qe3 e5 31. h6+ Kf8 32. Qd2 Rd7 33. g4 Be6 34. Qe3 Rxd1+ 35. Bxd1 Qd7 36. Qf3 Ke7 37. Be2 Bd5 38. Qe3 Bc6 39. g5 Qd5 40. gxf6+ Kxf6 41. f3 Qc5 42. Kf2 Qxe3+ 43. Kxe3 Kg5 44. c4 Kxh6 45. b4 Kg5 46. c5 bxc5 47. bxc5 h5 48. Bd3 Kf6 49. f4 exf4+ 50. Kxf4 g5+ 51. Kg3 h4+ 52. Kg4 Bd7+ 53. Kf3 Ke5 54. Be4 g4+ 55. Ke3 h3 56. c6 Bc8 57. c7 g3 58. Bc6 Kd6 59. Be4 Kxc7 60. Kf3 g2 61. Kf2 Bb7 62. Bf5 Bc8 63. Be4 Kb6 64. Bxg2 hxg2 65. Kxg2 Kc5 66. Kf2 Kc4 67. Ke3 Kb3 68. Kd2 Kb2 69. a4 a5 70. Kd3 Bd7 71. Kc4 Bxa4 72. Kc5 Bb3 73. Kb5 a4 0-1

[Event "Titled Tuesday intern op 29th Nov Late"]
[Site "Chess.com INT"]
[Date "2022.11.29"]
[Round "7"]
[White "Curtis, John"]
[Black "Abrahamyan, Tatev"]
[Result "0-1"]
[WhiteElo "2292"]
[BlackElo "2312"]
[PlyCount "62"]
[EventDate "2022.11.29"]
[EventType "swiss (blitz)"]
[EventRounds "11"]
[EventCountry "USA"]
[SourceTitle "EXT 2024"]
[Source "ChessBase"]
[SourceDate "2023.10.10"]
[SourceVersion "1"]
[SourceVersionDate "2023.10.10"]
[SourceQuality "1"]

1. e4 e6 2. d4 d5 3. exd5 exd5 4. c4 Nf6 5. Nc3 Be7 6. cxd5 0-0 7. Bc4 Nbd7 8. Nge2 Nb6 9. Bb3 Nfxd5 10. 0-0 c6 11. Nxd5 Nxd5 12. Nc3 Be6 13. Ne4 Qb6 14. Bg5 f6 15. Bc1 Rad8 16. Re1 Bb4 17. Re2 Bf7 18. a3 Be7 19. Be3 Kh8 20. Bxd5 Bxd5 21. Nc3 Bc4 22. Rd2 Qa5 23. Qf3 Rd7 24. h3 Rfd8 25. Re1 Bf8 26. g4 Bxa3 27. Ra1 Bd5 28. Nxd5 Rxd5 29. Rxa3 Qb6 30. g5 fxg5 31. Qg3 h6 0-1